| 000 | 00357cam a22001217a 4500 | ||
|---|---|---|---|
| 008 | 180718b1961 xxu||||| |||| 00| 0 eng d | ||
| 082 | _aQ45 G623 | ||
| 100 | _aGoodman, Paul | ||
| 245 |
_aGrowing up absurd: problems of youth in the organized system _cby Paul Goodman |
||
| 260 |
_aLondon _bGollancz _c1961 |
||
| 300 | _a296p. | ||
| 650 | _aYouth --United States | ||
| 999 |
_c366907 _d366907 |
||